000 00469cam a22001451 4500
100 1 _aHall, H. S.
_939106
245 0 0 _aHigher algebra,
_ba sequel to Elementary algebra for schools.
_cBy H. S. Hall, and S. R. Knight.
250 _a3d ed., rev. and enl.
260 _aLondon,
_aNew York,
_bMacmillan and co.,
_c1889.
300 _axxii, 557 p.
_c19 cm.
526 _a0
_b0
_c0
_d512_000000000000000_HAL
650 0 _aAlgebra.
_98509
650 0 _aMCE
_9379
942 _2ddc
_cBK
999 _c543656
_d543656